[Event "9eme Open International de La Fere"]
[Site "La Fere (FRA)"]
[Date "2010.07.04"]
[Round "2.40"]
[White "Rouffignac, Marie"]
[Black "Guille, Nicolas"]
[Result "0-1"]
[WhiteElo "1537"]
[BlackElo "1775"]
[PlyCount "108"]
[EventDate "2010.??.??"]

1. e4 e5 2. Nf3 Nc6 3. Bc4 Bc5 4. c3 d6 5. d4 exd4 6. cxd4 Bb6 7. Be3 Nf6 8.
Qc2 O-O 9. Nbd2 d5 10. exd5 Nxd5 11. O-O Re8 12. Bxd5 Qxd5 13. Qc4 Be6 14. Qxd5
Bxd5 15. Rfe1 Nb4 16. Re2 Nxa2 17. Ne5 Nb4 18. Nd7 Bxd4 19. Kf1 Bxb2 20. Ra4
Bc3 21. Nb1 Bc6 22. Nxc3 Bxa4 23. Nxa4 Rad8 24. Ndc5 b6 25. Nb3 Rd1+ 26. Re1
Rxe1+ 27. Kxe1 Nc2+ 28. Kd2 Nxe3 29. fxe3 Re4 30. Nc3 Rb4 31. Nd4 c5 32. Nc2
Rh4 33. h3 Rh6 34. Nd5 Rd6 35. e4 f5 36. Ke3 Kf7 37. Kf4 fxe4 38. Kxe4 Re6+ 39.
Kd3 Rg6 40. Nce3 b5 41. Ng4 Rd6 42. Ke4 b4 43. Ne5+ Ke8 44. Nc7+ Kd8 45. Nb5
Rd2 46. Nc6+ Kc8 47. g4 b3 48. Nc3 b2 49. Nxa7+ Kb7 50. Nab5 Rh2 51. Nd6+ Kc6
52. Nc4 Rxh3 53. Nb1 Rh1 54. Nxb2 Rxb1 0-1

[Event "9eme Open International de La Fere"]
[Site "La Fere (FRA)"]
[Date "2010.07.04"]
[Round "2.41"]
[White "Vernadet, Cyril"]
[Black "Laufer, Maurice"]
[Result "1-0"]
[WhiteElo "1750"]
[BlackElo "1524"]
[PlyCount "101"]
[EventDate "2010.??.??"]

1. e4 Nf6 2. e5 Nd5 3. Bc4 Nb6 4. Bb3 e6 5. d3 Be7 6. f4 O-O 7. Nf3 a5 8. c3 a4
9. Bc2 Bh4+ 10. g3 Be7 11. O-O d5 12. Be3 c5 13. Nbd2 Nc6 14. d4 c4 15. a3 Nd7
16. Bxa4 f5 17. exf6 Bxf6 18. Bc2 Ne7 19. Ng5 Bxg5 20. fxg5 e5 21. Rxf8+ Qxf8
22. dxe5 Nxe5 23. Bd4 Bg4 24. Qf1 Nf3+ 25. Nxf3 Bxf3 26. Qh3 Be4 27. Qe6+ Kh8
28. Bxe4 dxe4 29. Qxe4 Nc6 30. Rf1 Qd6 31. Rf7 Nxd4 32. Qxd4 Qg6 33. Rxb7 Qb1+
34. Kg2 Qc2+ 35. Kh3 Qf5+ 36. Qg4 Qf1+ 37. Kh4 Qf2 38. h3 Qc5 39. Qd4 Qf8 40.
Qxc4 h6 41. Qf7 hxg5+ 42. Kh5 Qxf7+ 43. Rxf7 Kg8 44. Rb7 Kh7 45. Kxg5 Ra5+ 46.
Kf4 Kh6 47. Rb6+ g6 48. h4 Ra4+ 49. Rb4 Ra5 50. g4 g5+ 51. hxg5+ 1-0

[Event "9eme Open International de La Fere"]
[Site "La Fere (FRA)"]
[Date "2010.07.04"]
[Round "2.42"]
[White "Duquenne, Eddy"]
[Black "Oziol, Joris"]
[Result "0-1"]
[WhiteElo "1520"]
[BlackElo "1730"]
[PlyCount "106"]
[EventDate "2010.??.??"]

1. d4 Nf6 2. c4 g6 3. Nc3 Bg7 4. Nf3 d6 5. e3 O-O 6. Bd3 c5 7. d5 Bd7 8. O-O
Na6 9. Qd2 Nc7 10. b3 Bg4 11. Ne1 Nfxd5 12. cxd5 Nxd5 13. Nxd5 Bxa1 14. Bb2
Bxb2 15. Qxb2 Rb8 16. Be4 b5 17. Bf3 Bd7 18. g3 f6 19. Ng2 b4 20. e4 f5 21.
Ngf4 e6 22. Ne3 Qf6 23. Qxf6 Rxf6 24. exf5 gxf5 25. Nh5 Rff8 26. Nf4 Kf7 27.
Nc4 Ke7 28. Re1 Rbc8 29. Nd5+ Kd8 30. Nde3 d5 31. Ne5 Bb5 32. Rd1 a5 33. Bxd5
exd5 34. Rxd5+ Ke7 35. N5c4 Bxc4 36. Nxc4 Ke6 37. Re5+ Kf6 38. Re2 Rfe8 39.
Rxe8 Rxe8 40. Kf1 Ra8 41. Nb2 Ke5 42. Ke2 Kd4 43. Kd2 f4 44. f3 fxg3 45. hxg3
h5 46. Nc4 a4 47. Ne3 axb3 48. axb3 Ra2+ 49. Nc2+ Ke5 50. Kc1 Ra8 51. Kd2 Rg8
52. g4 h4 53. Ne3 h3 0-1

[Event "9eme Open International de La Fere"]
[Site "La Fere (FRA)"]
[Date "2010.07.04"]
[Round "2.43"]
[White "Alloui-Cros, Baptiste"]
[Black "Henon, Eric"]
[Result "1-0"]
[WhiteElo "1510"]
[BlackElo "1710"]
[PlyCount "81"]
[EventDate "2010.??.??"]

1. d4 d5 2. c4 e6 3. Nc3 Nf6 4. Nf3 c6 5. Bg5 Bd6 6. e4 dxe4 7. Nxe4 Bb4+ 8.
Nc3 Nbd7 9. Bd3 Qc7 10. O-O Bxc3 11. bxc3 O-O 12. Qc2 h6 13. Bh4 c5 14. Rfe1 b6
15. Rab1 Bb7 16. Ne5 Rac8 17. Re3 Nxe5 18. Rxe5 Ng4 19. f4 Nxe5 20. fxe5 Qc6
21. Qf2 Ba6 22. Qg3 Qe8 23. Bf6 g6 24. h4 h5 25. Qg5 Kh7 26. g4 Rg8 27. Kf2 Qf8
28. gxh5 Qh6 29. hxg6+ fxg6 30. Qg4 Rcf8 31. Rh1 Rxf6+ 32. exf6 Qd2+ 33. Be2
cxd4 34. h5 Qe3+ 35. Kf1 Qc1+ 36. Kg2 Bb7+ 37. Bf3 Qd2+ 38. Kh3 Qe1 39. Rxe1
gxh5 40. Qxg8+ Kxg8 41. Bxb7 1-0

[Event "9eme Open International de La Fere"]
[Site "La Fere (FRA)"]
[Date "2010.07.04"]
[Round "2.44"]
[White "Chevance, Gerard"]
[Black "Delias, Gerard"]
[Result "1/2-1/2"]
[WhiteElo "1677"]
[BlackElo "1512"]
[PlyCount "141"]
[EventDate "2010.??.??"]

1. d4 Nf6 2. Nf3 e6 3. c4 b6 4. g3 Bb7 5. Bg2 Bb4+ 6. Bd2 Bxd2+ 7. Nbxd2 O-O 8.
O-O d5 9. Rc1 Nbd7 10. e3 c5 11. Re1 Rc8 12. b3 Rc7 13. cxd5 exd5 14. Nh4 Ne4
15. Nxe4 dxe4 16. Nf5 Nf6 17. Qe2 Qd7 18. Bh3 Kh8 19. Kg2 Bc8 20. dxc5 Rxc5 21.
Rxc5 bxc5 22. Rd1 Qc7 23. Qb2 Rd8 24. Rxd8+ Qxd8 25. Qc3 Qd5 26. Nh4 Bxh3+ 27.
Kxh3 Qg5 28. Kg2 Qd5 29. a4 h6 30. b4 cxb4 31. Qxb4 Kh7 32. Qd4 Qxd4 33. exd4
g6 34. Kf1 Nd5 35. Ng2 Kg7 36. Ne3 Nxe3+ 37. fxe3 Kf6 38. Ke2 Ke6 39. Kd2 f5
40. a5 Kd5 41. Kc3 g5 42. a6 Kd6 43. Kc4 Ke6 44. Kc5 f4 45. gxf4 gxf4 46. exf4
Kf5 47. d5 Kxf4 48. d6 e3 49. d7 e2 50. d8=Q e1=Q 51. Qd6+ Qe5+ 52. Qxe5+ Kxe5
53. Kc6 Ke6 54. Kb7 Kd7 55. h3 h5 56. Kxa7 Kc7 57. h4 Kc8 58. Kb6 Kb8 59. a7+
Ka8 60. Kc6 Kxa7 61. Kd6 Kb8 62. Ke6 Kc8 63. Kf6 Kd8 64. Kg6 Ke7 65. Kxh5 Kf7
66. Kh6 Kf6 67. Kh7 Kf7 68. h5 Kf8 69. h6 Kf7 70. Kh8 Kf8 71. h7 1/2-1/2

[Event "9eme Open International de La Fere"]
[Site "La Fere (FRA)"]
[Date "2010.07.04"]
[Round "2.45"]
[White "Pierret, Paul"]
[Black "Lucas, Bernard"]
[Result "0-1"]
[WhiteElo "1478"]
[BlackElo "1674"]
[PlyCount "74"]
[EventDate "2010.??.??"]

1. d4 Nf6 2. Bf4 d6 3. e3 g6 4. Nc3 Bg7 5. Be2 Nbd7 6. Nf3 O-O 7. O-O Nh5 8.
Bg5 Re8 9. e4 c5 10. dxc5 Nxc5 11. Bb5 Bd7 12. Bc4 Bxc3 13. bxc3 Nxe4 14. Qd5
Nxc3 15. Qd3 Na4 16. Qb3 Nc5 17. Bxf7+ Kh8 18. Qc3+ Ng7 19. Bh6 e5 20. Bxe8
Qxe8 21. Qc4 Rc8 22. Ng5 Nce6 23. Bxg7+ Kxg7 24. Nxe6+ Bxe6 25. Qb4 Qc6 26. Qh4
Rc7 27. Rfc1 Bf5 28. c3 Be4 29. Qg3 b5 30. a3 Bd5 31. Qg4 Qc5 32. Qb4 Qb6 33.
a4 a6 34. a5 Qc6 35. Qg4 Rf7 36. h3 h6 37. h4 Rf4 0-1

[Event "9eme Open International de La Fere"]
[Site "La Fere (FRA)"]
[Date "2010.07.04"]
[Round "2.47"]
[White "Bedu, Jean-Pierre"]
[Black "Agneray, Camille"]
[Result "1-0"]
[WhiteElo "1640"]
[BlackElo "1420"]
[PlyCount "45"]
[EventDate "2010.??.??"]

1. d4 d5 2. c4 c6 3. Nc3 Bf5 4. cxd5 cxd5 5. Qb3 Qd7 6. Qxd5 Be6 7. Qxd7+ Nxd7
8. Bf4 Ngf6 9. Nf3 Bd5 10. Nxd5 Nxd5 11. Bd2 Rc8 12. Rc1 Rxc1+ 13. Bxc1 e6 14.
e3 a6 15. g3 Bd6 16. Bg2 Nb4 17. a3 Nd3+ 18. Ke2 Nxc1+ 19. Rxc1 O-O 20. Nd2 Rb8
21. Ne4 Bf8 22. Rc7 Nb6 23. Nc3 1-0

[Event "9eme Open International de La Fere"]
[Site "La Fere (FRA)"]
[Date "2010.07.04"]
[Round "2.48"]
[White "Sogny, Richard"]
[Black "Gosset, Hugo"]
[Result "1/2-1/2"]
[WhiteElo "1640"]
[BlackElo "1400"]
[PlyCount "86"]
[EventDate "2010.??.??"]

1. d4 d5 2. c4 c6 3. Nf3 Nf6 4. Nc3 Bf5 5. Bf4 e6 6. c5 b6 7. b4 a5 8. Qa4 b5
9. Qb3 a4 10. Qd1 Ne4 11. Rc1 Nd7 12. e3 Ndf6 13. Be2 g6 14. Be5 Bg7 15. Nxe4
Bxe4 16. O-O O-O 17. Nd2 g5 18. Nxe4 Nxe4 19. Bxg7 Kxg7 20. f3 Nf6 21. f4 h6
22. fxg5 hxg5 23. Rf3 Rh8 24. Rg3 Ne4 25. Rg4 Qb8 26. g3 f5 27. Rxe4 dxe4 28.
a3 Rh6 29. Qd2 Qc7 30. Rf1 Rh3 31. Rf2 Rah8 32. Bf1 R3h5 33. Rg2 Rf8 34. Be2
Rh3 35. Bd1 Kh8 36. Qb2 Rf6 37. d5 Rhh6 38. d6 Qg7 39. Qa2 Qa7 40. Be2 Rh7 41.
Bf1 Rfh6 42. Qf2 Qg7 43. Qa2 Qa7 1/2-1/2

[Event "9eme Open International de La Fere"]
[Site "La Fere (FRA)"]
[Date "2010.07.04"]
[Round "2.49"]
[White "Pruvost, Alain"]
[Black "Paris, Pierre-Julien"]
[Result "1-0"]
[WhiteElo "1623"]
[BlackElo "1400"]
[PlyCount "93"]
[EventDate "2010.??.??"]

1. b4 e5 2. b5 d5 3. Bb2 Bd6 4. c4 Ne7 5. cxd5 Nxd5 6. Nc3 Nb6 7. e3 Bd7 8. a4
Be6 9. Ne4 N6d7 10. Nf3 Be7 11. Nxe5 Nxe5 12. Bxe5 Qd5 13. Bxg7 Qxe4 14. Bxh8
f6 15. Qh5+ Bf7 16. Qf3 Qe5 17. d4 Qd5 18. Qxd5 Bxd5 19. Bg7 Nd7 20. Bh6 Be6
21. f3 O-O-O 22. Be2 Bb4+ 23. Kf2 f5 24. Bf4 Nf6 25. Rhc1 Bd6 26. Bxd6 Rxd6 27.
Bc4 Bxc4 28. Rxc4 Kb8 29. Rac1 Rd7 30. Rc5 Nd5 31. Rxd5 Rxd5 32. Rc5 Rxc5 33.
dxc5 Kc8 34. Kg3 Kd7 35. Kf4 Ke6 36. e4 fxe4 37. Kxe4 h5 38. g4 hxg4 39. fxg4
Kf6 40. h4 c6 41. bxc6 bxc6 42. g5+ Kg6 43. Ke5 Kf7 44. Kd6 a5 45. Kxc6 Ke7 46.
Kb7 Ke8 47. c6 1-0

[Event "9eme Open International de La Fere"]
[Site "La Fere (FRA)"]
[Date "2010.07.04"]
[Round "2.50"]
[White "Caloone, Jules"]
[Black "Fauchart, Francois"]
[Result "0-1"]
[WhiteElo "1380"]
[BlackElo "1608"]
[PlyCount "42"]
[EventDate "2010.??.??"]

1. e4 c5 2. Nf3 Nc6 3. Bc4 e6 4. d3 Be7 5. O-O a6 6. Nc3 b5 7. Bb3 d6 8. a4 b4
9. Na2 a5 10. d4 Ba6 11. Re1 c4 12. Nxb4 Nxb4 13. Ba2 Nxa2 14. Rxa2 Nf6 15. e5
dxe5 16. Rxe5 Bd6 17. Rg5 O-O 18. Qe1 Bb7 19. Bd2 Bd5 20. Ne5 c3 21. Ra3 cxd2
0-1

[Event "9eme Open International de La Fere"]
[Site "La Fere (FRA)"]
[Date "2010.07.04"]
[Round "2.52"]
[White "Remy, Camille"]
[Black "Roux, Jean-Francois"]
[Result "0-1"]
[WhiteElo "1360"]
[BlackElo "1588"]
[PlyCount "60"]
[EventDate "2010.??.??"]

1. e4 c5 2. Nf3 d6 3. Bc4 g6 4. Nc3 Bg7 5. d3 Nc6 6. O-O e6 7. Re1 Nge7 8. Bg5
a6 9. h3 Na5 10. Bb3 Nxb3 11. axb3 Qc7 12. Qe2 Nc6 13. Rad1 O-O 14. Qd2 Re8 15.
Bh6 Bh8 16. Kh1 Bd7 17. Ng5 f6 18. Nf3 b5 19. Qe2 b4 20. Nb1 d5 21. Qd2 Rad8
22. exd5 exd5 23. Rxe8+ Rxe8 24. c3 Qc8 25. Nh2 a5 26. c4 d4 27. Re1 Rxe1+ 28.
Qxe1 Ne5 29. Qe4 Bc6 30. Qe2 Qxh3 0-1

[Event "9eme Open International de La Fere"]
[Site "La Fere (FRA)"]
[Date "2010.??.??"]
[Round "3.1"]
[White "Piankov, Evgenij"]
[Black "Romanov, Evgeny"]
[Result "0-1"]
[WhiteElo "2324"]
[BlackElo "2590"]
[PlyCount "58"]
[EventDate "2010.??.??"]

1. d4 g6 2. e4 Bg7 3. Nf3 c5 4. d5 d6 5. c4 Nf6 6. Nc3 O-O 7. h3 e6 8. Be2 exd5
9. exd5 Na6 10. O-O Nc7 11. Re1 h6 12. Bd3 Nh5 13. g4 Nf6 14. Bf4 b5 15. Nd2
bxc4 16. Nxc4 Nfe8 17. Qd2 g5 18. Bg3 f5 19. Bxf5 Bxf5 20. gxf5 Rxf5 21. Na5
Qd7 22. Nc6 Rf7 23. Re3 Nf6 24. Rae1 Re8 25. Rxe8+ Nfxe8 26. Qd3 Nf6 27. b3 Nh5
28. Ne4 Qf5 29. Qe2 Qxh3 0-1

[Event "9eme Open International de La Fere"]
[Site "La Fere (FRA)"]
[Date "2010.??.??"]
[Round "3.2"]
[White "Degraeve, Jean-Marc"]
[Black "Forthofer, Robert"]
[Result "1-0"]
[WhiteElo "2569"]
[BlackElo "2303"]
[PlyCount "61"]
[EventDate "2010.??.??"]

1. e4 e6 2. d4 d5 3. Nd2 c5 4. Ngf3 cxd4 5. Nxd4 Nf6 6. exd5 Qxd5 7. Nb5 Na6 8.
c4 Qc6 9. a3 Nc7 10. Nc3 Be7 11. Nf3 O-O 12. Be2 e5 13. O-O Rd8 14. Qa4 Qxa4
15. Nxa4 e4 16. Ne1 Ne6 17. Nc2 Bd7 18. Nc3 Bc5 19. Be3 Bxe3 20. fxe3 Rac8 21.
Rad1 Nc5 22. h3 Nb3 23. Nd4 Na5 24. b3 a6 25. Rxf6 gxf6 26. Nd5 Kg7 27. Nb6 Rc7
28. b4 Nc6 29. Nxc6 Rxc6 30. Nxd7 Rc7 31. Nb6 1-0

[Event "9eme Open International de La Fere"]
[Site "La Fere (FRA)"]
[Date "2010.??.??"]
[Round "3.3"]
[White "Fomichenko, Svetlana"]
[Black "Fomichenko, Eduard"]
[Result "0-1"]
[WhiteElo "2217"]
[BlackElo "2458"]
[PlyCount "84"]
[EventDate "2010.??.??"]

1. e4 e5 2. Nf3 Nc6 3. Bb5 a6 4. Ba4 Nf6 5. O-O Nxe4 6. d4 b5 7. Bb3 d5 8. dxe5
Be6 9. Nbd2 Nc5 10. c3 d4 11. Ng5 Qxg5 12. Qf3 O-O-O 13. Bxe6+ fxe6 14. Qxc6
Qxe5 15. b4 Qd5 16. Qxd5 exd5 17. bxc5 dxc3 18. Nb3 d4 19. Rd1 d3 20. Be3 c2
21. Rd2 Be7 22. Bd4 Rxd4 23. Nxd4 Bg5 24. Rxd3 Rd8 25. Rc3 c1=Q+ 26. Raxc1 Bxc1
27. Rxc1 Rxd4 28. Kf1 Rd2 29. a3 Rd3 30. Ra1 Kb7 31. Ke2 Rd5 32. Rc1 Kc6 33.
Rc3 Rxc5 34. Rf3 Re5+ 35. Kd3 Re7 36. Kc3 Kb6 37. h4 c5 38. g3 Ka5 39. Rf5 c4
40. Rd5 Ka4 41. Rd1 Rf7 42. f4 Re7 0-1

[Event "9eme Open International de La Fere"]
[Site "La Fere (FRA)"]
[Date "2010.??.??"]
[Round "3.5"]
[White "Colin, Vincent"]
[Black "Husson, Cybele"]
[Result "1-0"]
[WhiteElo "2425"]
[BlackElo "2040"]
[PlyCount "89"]
[EventDate "2010.??.??"]

1. d4 f5 2. Qd3 g6 3. e4 d6 4. Nf3 c6 5. Nc3 Bg7 6. e5 dxe5 7. Nxe5 Nd7 8. Qg3
Nxe5 9. dxe5 Be6 10. h4 Qa5 11. f4 Nh6 12. Bd2 Qb6 13. h5 Ng4 14. hxg6 hxg6 15.
Rxh8+ Bxh8 16. O-O-O O-O-O 17. Be2 g5 18. Bxg4 gxf4 19. Bxf4 fxg4 20. Qh4 Bxe5
21. Qh6 Rxd1+ 22. Nxd1 Bxf4+ 23. Qxf4 Qg1 24. Qe4 Kd7 25. Kd2 Qc5 26. Ne3 g3
27. a3 Qd6+ 28. Ke2 a6 29. c3 b5 30. b4 Kc7 31. Qd4 Kb7 32. Qxd6 exd6 33. Kf3
a5 34. Kxg3 axb4 35. axb4 c5 36. Kf4 Kc6 37. g4 Kd7 38. g5 Bb3 39. Kf5 Be6+ 40.
Kf6 cxb4 41. cxb4 Ba2 42. g6 Kc6 43. g7 Bg8 44. Nf5 Bh7 45. g8=Q 1-0

[Event "9eme Open International de La Fere"]
[Site "La Fere (FRA)"]
[Date "2010.??.??"]
[Round "3.8"]
[White "Feryn, Alexandre"]
[Black "Defrance, Laurent"]
[Result "1/2-1/2"]
[WhiteElo "2075"]
[BlackElo "2190"]
[PlyCount "50"]
[EventDate "2010.??.??"]

1. e4 e5 2. Nf3 Nf6 3. Nxe5 d6 4. Nf3 Nxe4 5. d4 d5 6. Bd3 Nc6 7. O-O Bg4 8.
Re1 Be7 9. c3 Nf6 10. Nbd2 O-O 11. Nf1 Re8 12. h3 Bh5 13. Bg5 Ne4 14. Bxe7 Rxe7
15. Ng3 Nxg3 16. fxg3 Rxe1+ 17. Qxe1 Bxf3 18. gxf3 Qd7 19. Kg2 Re8 20. Qd2 Qe6
21. Rd1 h6 22. Qf4 Re7 23. g4 g5 24. Qg3 Qe3 25. h4 f6 1/2-1/2

[Event "9eme Open International de La Fere"]
[Site "La Fere (FRA)"]
[Date "2010.??.??"]
[Round "3.9"]
[White "Tivol, Thierry"]
[Black "Bardoux, Thierry"]
[Result "0-1"]
[WhiteElo "1740"]
[BlackElo "2169"]
[PlyCount "58"]
[EventDate "2010.??.??"]

1. e4 c5 2. d4 cxd4 3. c3 dxc3 4. Nxc3 Nc6 5. Bc4 e6 6. Nf3 d6 7. O-O Be7 8.
Qe2 Nf6 9. Rd1 e5 10. Bb5 Bd7 11. Bg5 a6 12. Ba4 b5 13. Bb3 Bg4 14. Bxf6 Bxf6
15. Bd5 Rc8 16. Nxb5 axb5 17. Qxb5 Bd7 18. b4 O-O 19. a4 Rb8 20. Qa6 Rb6 21.
Qe2 Nxb4 22. a5 Rb8 23. Bc4 Be7 24. Rdb1 Nc6 25. a6 Rxb1+ 26. Rxb1 Qa5 27. h3
Rb8 28. Rd1 Bc8 29. Rd2 Nb4 0-1

[Event "9eme Open International de La Fere"]
[Site "La Fere (FRA)"]
[Date "2010.??.??"]
[Round "3.10"]
[White "Dal Borgo, Albin"]
[Black "Lever, Erwan"]
[Result "1-0"]
[WhiteElo "2204"]
[BlackElo "1595"]
[PlyCount "39"]
[EventDate "2010.??.??"]

1. d4 d5 2. Bf4 Nf6 3. e3 Bf5 4. c4 c6 5. Nc3 e6 6. Qb3 Qb6 7. c5 Qxb3 8. axb3
Nbd7 9. b4 Be7 10. h3 O-O 11. b5 Rfc8 12. bxc6 Rxc6 13. g4 Bg6 14. Bb5 a6 15.
Bxc6 bxc6 16. Kd2 h5 17. f3 Nh7 18. b4 Bg5 19. Bd6 Nhf6 20. h4 1-0

[Event "9eme Open International de La Fere"]
[Site "La Fere (FRA)"]
[Date "2010.??.??"]
[Round "3.11"]
[White "Vandervorst, Marc"]
[Black "Demanghon, Jonathan"]
[Result "0-1"]
[WhiteElo "1865"]
[BlackElo "2183"]
[PlyCount "98"]
[EventDate "2010.??.??"]

1. e4 e6 2. d4 d5 3. Nc3 Nf6 4. exd5 exd5 5. Nf3 Be7 6. Bd3 O-O 7. h3 c5 8.
dxc5 Bxc5 9. O-O h6 10. a3 Re8 11. Bf4 Nc6 12. b4 Bb6 13. Na4 Bc7 14. Qc1 a5
15. b5 Ne5 16. Nxe5 Bxe5 17. Bxe5 Rxe5 18. Re1 Qd6 19. Rxe5 Qxe5 20. Nb6 Rb8
21. Nxc8 Rxc8 22. Qe1 Qb2 23. Qb1 Qd4 24. Qf1 b6 25. Rd1 Qc3 26. a4 Re8 27. Kh2
Kf8 28. f3 Qd4 29. Qg1 Qe5+ 30. g3 Nd7 31. f4 Qc3 32. Qg2 Qc5 33. Rd2 Re1 34.
Qf2 Qxf2+ 35. Rxf2 Nc5 36. Rd2 Nxa4 37. Bf5 Nc3 38. Kg2 Re2+ 39. Rxe2 Nxe2 40.
Kf2 Nc3 41. Ke3 Nxb5 42. Bd7 Nc7 43. Kd4 Ke7 44. Ba4 Kd6 45. c4 dxc4 46. Kxc4
b5+ 47. Bxb5 Nxb5 48. Kxb5 Kd5 49. Kxa5 Ke4 0-1

[Event "9eme Open International de La Fere"]
[Site "La Fere (FRA)"]
[Date "2010.??.??"]
[Round "3.12"]
[White "Marchyllie, Bruno"]
[Black "Boudier, Eric"]
[Result "1-0"]
[WhiteElo "2131"]
[BlackElo "1862"]
[PlyCount "125"]
[EventDate "2010.??.??"]

1. e4 d5 2. e5 Bf5 3. Ne2 e6 4. Ng3 Bg6 5. h4 h6 6. h5 Bh7 7. d4 c5 8. Bb5+ Nc6
9. O-O Qb6 10. Bxc6+ bxc6 11. dxc5 Bxc5 12. c3 Qc7 13. Bf4 Ne7 14. b4 Bb6 15.
a4 a5 16. Na3 O-O 17. Rc1 Qa7 18. b5 Bc5 19. Nc2 cxb5 20. axb5 Qb6 21. Nd4 Bxd4
22. cxd4 Qxb5 23. Rc7 Nf5 24. Qg4 Kh8 25. Nxf5 Bxf5 26. Qh4 Qb6 27. Rc5 a4 28.
Rfc1 Qd8 29. Qg3 a3 30. Qe3 Qh4 31. Ra1 a2 32. Bxh6 Qxh5 33. Bf4 Bb1 34. Qc1
Qe2 35. Rc3 Rfb8 36. Rh3+ Kg8 37. Bh6 Rb2 38. Qg5 Qxf2+ 39. Kh2 g6 40. Rf3
Qxg2+ 41. Qxg2 Rxg2+ 42. Kxg2 Be4 43. Kg3 Bxf3 44. Kxf3 Kh7 45. Bg5 Kg7 46.
Bf6+ Kf8 47. Rh1 Ra3+ 48. Ke2 Ke8 49. Ra1 Kd7 50. Bg5 Kc6 51. Bc1 Rh3 52. Be3
Kb5 53. Rxa2 Kc4 54. Rc2+ Kb3 55. Rc7 Rh2+ 56. Kf3 Rh3+ 57. Kf2 Rh2+ 58. Kg3
Re2 59. Kf3 Rh2 60. Rxf7 Rh3+ 61. Ke2 Rh2+ 62. Kd3 Rg2 63. Rb7+ 1-0

[Event "9eme Open International de La Fere"]
[Site "La Fere (FRA)"]
[Date "2010.07.05"]
[Round "3.13"]
[White "Louis, Andre"]
[Black "Billon, Olivier"]
[Result "0-1"]
[WhiteElo "1853"]
[BlackElo "2129"]
[PlyCount "108"]
[EventDate "2010.??.??"]

1. e4 c5 2. Nf3 Nc6 3. d4 cxd4 4. Nxd4 Nf6 5. Nc3 e5 6. Ndb5 d6 7. Bg5 a6 8.
Na3 b5 9. Bxf6 gxf6 10. Nd5 Bg7 11. c3 f5 12. Bd3 Ne7 13. Nxe7 Qxe7 14. Nc2 f4
15. Qe2 O-O 16. Nb4 Qg5 17. f3 Bf6 18. Nd5 Bd8 19. O-O-O Be6 20. Kb1 Bxd5 21.
exd5 Bb6 22. h4 Qh5 23. Rh3 Kh8 24. Rdh1 Rg8 25. Qc2 Rg7 26. Bf5 Rag8 27. R3h2
Be3 28. Bg4 Rxg4 29. fxg4 Qxg4 30. Qe4 f5 31. Qf3 e4 32. Qf1 Qg3 33. h5 Bf2 34.
h6 Qe3 35. Rh4 f3 36. gxf3 Qxf3 37. R4h3 Qg2 38. Rh4 f4 39. R4h2 Qxf1+ 40. Rxf1
Bg3 41. Re2 e3 42. Kc2 Rg5 43. Rf3 Re5 44. b3 Kg8 45. c4 Kf7 46. Kd3 Kg6 47.
Rxg3+ fxg3 48. Rxe3 g2 49. Rg3+ Rg5 50. Rxg2 Rxg2 51. c5 dxc5 52. a4 Kxh6 53.
Ke4 Rd2 54. Ke5 bxa4 0-1

[Event "9eme Open International de La Fere"]
[Site "La Fere (FRA)"]
[Date "2010.07.05"]
[Round "3.15"]
[White "Feryn, Benjamin"]
[Black "Azzouz, Belkhelfa"]
[Result "1/2-1/2"]
[WhiteElo "2034"]
[BlackElo "1841"]
[PlyCount "94"]
[EventDate "2010.??.??"]

1. e4 e5 2. Nc3 Nf6 3. g3 Be7 4. Bg2 Nc6 5. Nge2 d6 6. d3 Be6 7. f4 exf4 8.
Bxf4 Qd7 9. Qd2 Bh3 10. Bxh3 Qxh3 11. O-O-O O-O-O 12. d4 d5 13. e5 Ne4 14. Nxe4
dxe4 15. Qe3 Qe6 16. Nc3 Nb4 17. d5 Nxd5 18. Nxd5 Rxd5 19. Qxa7 Rxd1+ 20. Rxd1
Qa6 21. Qxa6 bxa6 22. Rd4 f5 23. exf6 Bxf6 24. Rc4 Re8 25. Rxc7+ Kd8 26. Rb7
Re6 27. Be3 Kc8 28. Rb6 Kd7 29. c3 Bg5 30. Rb7+ Kc8 31. Rxg7 Bxe3+ 32. Kd1 h6
33. Ke2 Bc1 34. b3 Bb2 35. Rg8+ Kb7 36. c4 Ba3 37. g4 Kc6 38. h4 Kc5 39. g5
hxg5 40. Rxg5+ Kd4 41. h5 Kc3 42. Rg6 Re5 43. h6 Bc5 44. Rg3+ Kc2 45. Rh3 Re8
46. h7 Bd4 47. c5 Kb2 1/2-1/2

[Event "9eme Open International de La Fere"]
[Site "La Fere (FRA)"]
[Date "2010.07.05"]
[Round "3.16"]
[White "Jimenez, Martin"]
[Black "Lebon, Joffrey"]
[Result "1-0"]
[WhiteElo "1849"]
[BlackElo "2026"]
[PlyCount "107"]
[EventDate "2010.??.??"]

1. d4 Nf6 2. Nf3 e6 3. Nbd2 d5 4. e3 Nbd7 5. Bd3 Bd6 6. b3 O-O 7. Bb2 Re8 8.
O-O e5 9. dxe5 Nxe5 10. Nxe5 Bxe5 11. Bxe5 Rxe5 12. c4 dxc4 13. Bxc4 Rh5 14.
Ne4 Qxd1 15. Nxf6+ gxf6 16. Rfxd1 Bf5 17. Rac1 c6 18. Rd4 Re8 19. Be2 Rg5 20.
h4 Rg7 21. Rd6 Be6 22. Rcd1 Kf8 23. Bc4 a6 24. g3 h6 25. R1d4 Rh7 26. Kf1 Rg7
27. Ke1 Rh7 28. Kd2 c5 29. Rf4 Ke7 30. Rb6 Rd8+ 31. Kc3 Rd7 32. Re4 f5 33. Bxe6
fxe4 34. Bxd7 Kxd7 35. Rxb7+ Kc6 36. Re7 Kd5 37. Ra7 h5 38. Rxa6 f5 39. Rf6 Ke5
40. Rf8 Ra7 41. a4 c4 42. Rd8 cxb3 43. Kxb3 Rb7+ 44. Ka3 Rb1 45. Rd2 Ke6 46. a5
Ke5 47. Rb2 Ra1+ 48. Kb4 Kd6 49. Kb5 Kc7 50. a6 Kb8 51. Kb6 Rf1 52. a7+ Ka8 53.
Kc7 Rc1+ 54. Kd6 1-0

[Event "9eme Open International de La Fere"]
[Site "La Fere (FRA)"]
[Date "2010.07.05"]
[Round "3.17"]
[White "Timmermans, Eric"]
[Black "Waquet, Frederic"]
[Result "1/2-1/2"]
[WhiteElo "1825"]
[BlackElo "1976"]
[PlyCount "123"]
[EventDate "2010.??.??"]

1. e4 e6 2. d4 d5 3. exd5 exd5 4. Bd3 Bd6 5. Qf3 Nf6 6. Bg5 Bg4 7. Qxg4 Nxg4 8.
Bxd8 Kxd8 9. h3 Nf6 10. Ne2 Re8 11. Nd2 Nc6 12. c3 Re7 13. O-O-O Ke8 14. f4 Kf8
15. Rde1 Rae8 16. Kd1 Re3 17. Bc2 b5 18. Nf1 R3e7 19. Nfg3 g6 20. b4 a6 21.
Rhf1 Re3 22. Rf2 Kg7 23. Nf1 R3e7 24. Nd2 Re3 25. Ref1 Nh5 26. g4 Rxe2 27. Rxe2
Rxe2 28. gxh5 Re3 29. hxg6 hxg6 30. Rf3 Rxf3 31. Nxf3 Bxf4 32. Ke2 f6 33. Nh4
Ne7 34. Ng2 Bc1 35. h4 Kh6 36. Kd1 Bb2 37. Kd2 Kh5 38. Bd1+ Kh6 39. Kc2 Ba1 40.
Nf4 g5 41. hxg5+ fxg5 42. Ne2 Nf5 43. Kb1 Ne3 44. Bb3 Bxc3 45. Nxc3 c6 46. Kc1
g4 47. Ne2 Kg5 48. Kd2 Nf5 49. Bc2 Nh4 50. Ke3 Ng2+ 51. Kf2 Nf4 52. Bb1 Nxe2
53. Kxe2 Kf4 54. Bg6 g3 55. Be8 Ke4 56. Bxc6 Kxd4 57. Bb7 Kc4 58. Bxa6 d4 59.
Bb7 Kxb4 60. Kd3 Ka3 61. Bd5 b4 62. Kxd4 1/2-1/2

[Event "9eme Open International de La Fere"]
[Site "La Fere (FRA)"]
[Date "2010.07.05"]
[Round "3.18"]
[White "Deneuville, Ludovic"]
[Black "Parent, Henri"]
[Result "1-0"]
[WhiteElo "1968"]
[BlackElo "1776"]
[PlyCount "62"]
[EventDate "2010.??.??"]

1. e4 d5 2. exd5 c6 3. dxc6 e6 4. d4 Ne7 5. Nf3 Nbxc6 6. Bd3 Nd5 7. c4 Bb4+ 8.
Ke2 Nf6 9. a3 Be7 10. Be3 O-O 11. Nc3 Kh8 12. h3 b6 13. b4 Qc7 14. Re1 Bb7 15.
Kf1 Rad8 16. Kg1 e5 17. d5 Nd4 18. Nxd4 exd4 19. Nb5 Qb8 20. Nxd4 a6 21. Nf5
Bxd5 22. cxd5 Nxd5 23. Nxe7 Nxe7 24. Qb3 Nc6 25. Bxa6 b5 26. a4 Nd4 27. Bxd4
Rxd4 28. Bxb5 Rfd8 29. Qxf7 h6 30. Re8+ Rxe8 31. Qxe8+ Kh7 1-0

[Event "9eme Open International de La Fere"]
[Site "La Fere (FRA)"]
[Date "2010.??.??"]
[Round "3.20"]
[White "Mestdagh, Franck"]
[Black "Brobecker, Alain"]
[Result "1-0"]
[WhiteElo "1944"]
[BlackElo "1767"]
[PlyCount "58"]
[EventDate "2010.??.??"]

1. e4 d5 2. exd5 Nf6 3. Nf3 Nxd5 4. d4 Bg4 5. Be2 e6 6. O-O Bd6 7. c4 Nf4 8.
Nc3 c6 9. d5 exd5 10. cxd5 Nxd5 11. Nxd5 cxd5 12. Qd4 Bxf3 13. Qxg7 Bxe2 14.
Re1 Kd7 15. Rxe2 Qf8 16. Qd4 Nc6 17. Qxd5 Re8 18. Rxe8 Qxe8 19. Bf4 Qe6 20. Rd1
Re8 21. Qxd6+ Qxd6 22. Rxd6+ Kc8 23. Kf1 Re4 24. g3 Ne5 25. Bxe5 Rxe5 26. Rh6
Rc5 27. Rxh7 Rc2 28. Rxf7 Rxb2 29. a4 Rb4 1-0